000 00675nam a22002297a 4500
005 20220614132134.0
008 220614b ||||| |||| 00| 0 eng d
020 _a9789391064440
040 _aIN-DiNC
_cIN-DiNC
041 _dasm
082 _a155.4
_bSHI
245 _aShishu aru kaishur manobijnan/
_cby Daisy Rani Chutia and others
250 _a1st ed.
260 _aDibrugarh:
_bMahaveer publications,
_c2022
300 _a178p.
650 _aChild and adolescent psychology
700 _aChutia, Daisy Rani
_eauthor
700 _aHatibaruah, Manchun
_eauthor
700 _aBorthakur, Ambalika
_eauthor
700 _aBorsaikia, Merina
_eauthor
942 _2ddc
_cBK
999 _c11328
_d11328